Famous Australians by States and Territories - Statistics

General Stats
  • This quiz has been taken 21 times
  • The average score is 5 of 8
Answer Stats
Famous Person State/Territory % Correct
Chris Hemsworth Victoria
87%
Iggy Azalea New South Wales
73%
Jacob Elordi Queensland
67%
Jessica Mauboy Northern Territory
53%
Nick Kyrgios Australian Capital Territory
47%
Sia South Australia
47%
Cleo Massey Tasmania
40%
Dacre Montgomery Western Australia
40%
No matching quizzes found
Score Distribution
Percent of People with Each Score
Percentile by Number Answered
Your Score History
You have not taken this quiz